000
00324nam a2200145Ia 4500
100
_a
Kapil Dev
942
_c
BK
654
_a
Workshop calculation
245
_a
Workshop Calculation and science(Common)
260
_b
Asian Pub.
_a
Delhi
_c
2000
082
_a
621.3
_b
KAP
300
_a
496
546
_a
ENGLISH
999
_c
20536
_d
20536